|
|
|
|
| LEADER |
00000cam a2200000 a 4500 |
| 001 |
UCV1038 |
| 003 |
CL-VaPUC |
| 008 |
890828e19820000CL |||||||||||||||||spa|d |
| 082 |
0 |
4 |
|a 262.3
|b DOC
|2 21
|
| 245 |
1 |
0 |
|a Documentos del Episcopado: Chile 1974-1980
|
| 300 |
|
|
|a 550 p
|
| 942 |
|
|
|c BK
|
| 945 |
|
|
|d 19890828 00:00:00
|
| 260 |
|
|
|a Santiago
|b Mundo
|c 1982
|
| 650 |
|
0 |
|a Iglesia católica y problemas sociales
|9 255796
|
| 650 |
|
7 |
|a IGLESIA CATOLICA MAGISTERIO 1974 - 1980
|2 CL-VaPUC
|9 255872
|
| 651 |
|
7 |
|a CHILE
|2 CL-VaPUC
|9 295321
|
| 583 |
|
|
|a last modification
|c 20150708 01:21:12
|k Rodrigo Vera
|
| 999 |
|
|
|c 209140
|d 209138
|
| 952 |
|
|
|0 0
|1 0
|4 0
|6 262_300000000000000_DOC_1982
|7 0
|8 A
|9 184329
|a BIBTEO
|b BIBTEO
|d 2019-11-14
|i 2515539
|o 262.3 DOC 1982
|p 2515539
|r 2025-01-17
|w 2019-11-14
|y BK
|k ICR
|
| 952 |
|
|
|0 0
|1 0
|4 0
|6 262_300000000000000_DOC_1982
|7 0
|8 DER_HDC
|9 184330
|a BIBDER
|b BIBDER
|d 2019-11-14
|i 2515547
|o 262.3 DOC 1982
|p 2515547
|r 2023-01-25
|w 2019-11-14
|x Ubicación 4to Piso
|y BK
|z Estos recursos deben solicitarse con anticipación
|k DER
|
| 952 |
|
|
|0 0
|1 0
|4 0
|6 262_300000000000000_DOC_1982
|7 0
|8 A
|9 184331
|a BIBENE
|b BIBENE
|d 2019-11-14
|i 3367290
|o 262.3 DOC 1982
|p 3367290
|r 2024-01-16
|w 2019-11-14
|y BK
|k ICO
|
| 952 |
|
|
|0 0
|1 0
|4 0
|6 262_300000000000000_DOC_1982
|7 0
|8 A
|9 184332
|a BIBTEO
|b BIBTEO
|d 2019-11-14
|i 3373134
|o 262.3 DOC 1982
|p 3373134
|r 2025-01-17
|w 2019-11-14
|y BK
|k ICR
|
| 952 |
|
|
|0 0
|1 0
|4 0
|6 262_300000000000000_DOC_1982
|7 0
|8 A
|9 184333
|a BIBTEO
|b BIBTEO
|d 2019-11-14
|i 3373142
|o 262.3 DOC 1982
|p 3373142
|r 2025-01-17
|w 2019-11-14
|y BK
|k ICR
|
| 952 |
|
|
|0 0
|1 0
|4 0
|6 262_300000000000000_DOC_1982
|7 0
|8 A
|9 184334
|a BIBTEO
|b BIBTEO
|d 2019-11-14
|i 3373150
|o 262.3 DOC 1982
|p 3373150
|r 2025-01-17
|w 2019-11-14
|y BK
|k ICR
|
| 952 |
|
|
|0 0
|1 0
|3 erb
|4 0
|6 262_300000000000000_DOC_1982
|7 0
|8 A
|9 184337
|a BIBTEO
|b BIBTEO
|e Casale Rolle, Carlos Ignacio, -2014
|i 518164K
|o 262.3 DOC 1982
|p 518164K
|r 2025-01-17
|w 2019-11-14
|y BK
|z Catalogado en:20150710
|k ICR
|